Localidades más Pobladas de Chile por Letra - Estadísticas

Estadísticas generales
  • Esta prueba ha sido intentada 45 veces
    44 desde el último reinicio
  • La puntuación promedio es 11 de 25
Estadísticas de respuestas
Región Población Letra Localidad % Correcto
Antofagasta 348.517 hab. A Antofagasta
90%
Biobío 217.537 hab. C Concepción
80%
Metropolitana 402.847 hab. S Santiago
73%
La Araucanía 235.509 hab. T Temuco
71%
Metropolitana 208.048 hab. Ñ Ñuñoa
63%
Valparaíso 332.875 hab. V Viña del Mar
61%
Metropolitana 566.561 hab. P Puente Alto
59%
O'Higgins 231.370 hab. R Rancagua
59%
Los Lagos 147.666 hab. O Osorno
56%
Tarapacá 188.003 hab. I Iquique
54%
Los Lagos 12.876 hab. F Frutillar
51%
Metropolitana 515.240 hab. M Maipú
51%
Metropolitana 209.676 hab. Q Quilicura
49%
Metropolitana 366.376 hab. L La Florida
46%
Metropolitana 65.607 hab. B Buin
41%
Metropolitana 98.500 hab. H Huechuraba
39%
Metropolitana 162.415 hab. E El Bosque
37%
Valparaíso 1.414 hab. Z Zapallar
37%
O'Higgins 7.449 hab. D Doñihue
27%
O'Higgins 28.679 hab. G Graneros
24%
Ñuble 10.884 hab. Y Yungay
20%
Metropolitana 805 hab. J Joaquín Olivares
2%
Aysen 33 hab. K Kilómetro Veintitrés
2%
Biobío 22.857 hab. N Nacimiento
2%
Coquimbo 410 hab. U Unión Campesina
2%
No se encontraron pruebas coincidentes
Distribución de puntuación
Porcentaje de gente con cada puntuación
Porcentaje por número respondido
Historial de tus puntuaciones
No has intentado esta prueba desde el último reinicio